British Airways fleet (include the variant) - Statistics

General Stats
  • This quiz has been taken 57 times
  • The average score is 12 of 13
Answer Stats
Hint Answer % Correct
Airbus A320-200
98%
Airbus A320NEO
95%
Airbus A321-200
95%
Airbus A321NEO
95%
Boeing 787-8
93%
Boeing 787-9
93%
Airbus A319-100
93%
Boeing 787-10
91%
Boeing 777-300ER
89%
Airbus A380-800
89%
Boeing 777-200ER
84%
Airbus A350-1000
84%
Embraer E190
64%
No matching quizzes found
Score Distribution
Percent of People with Each Score
Percentile by Number Answered
Your Score History
You have not taken this quiz